[Event "Wiesbaden op 30th"]
[Site "Wiesbaden"]
[Date "2018.08.26"]
[Round "6"]
[White "Hertle, Philipp"]
[Black "Fischer, Daniel2222"]
[Result "0-1"]
[WhiteElo "1784"]
[BlackElo "2037"]
[PlyCount "64"]
[EventDate "2018.08.23"]
[EventType "swiss"]
[EventRounds "7"]
[EventCountry "GER"]
[SourceTitle "CBM 186 Extra"]
[Source "ChessBase"]
[SourceDate "2018.08.24"]
[SourceVersion "1"]
[SourceVersionDate "2018.08.24"]
[SourceQuality "1"]

1. e4 c5 2. c3 g6 3. d4 cxd4 4. cxd4 d5 5. e5 Bg7 6. Nc3 Nc6 7. f4 Nh6 8. Nf3 Bg4 9. Be2 Nf5 10. Qb3 Bxf3 11. Bxf3 Ncxd4 12. Qa4+ b5 13. Nxb5 Nxf3+ 14. gxf3 0-0 15. Nd4 Nxd4 16. Qxd4 e6 17. h4 f6 18. h5 fxe5 19. fxe5 Rf5 20. f4 Rxh5 21. Rxh5 gxh5 22. Qf2 d4 23. b3 Qa5+ 24. Kf1 Qd5 25. Bb2 d3 26. Qg2 Qxg2+ 27. Kxg2 Rc8 28. Rc1 Rc2+ 29. Rxc2 dxc2 30. Bc1 Bf8 31. Kf3 Kf7 32. f5 exf5 0-1

[Event "Wiesbaden op 30th"]
[Site "Wiesbaden"]
[Date "2018.08.25"]
[Round "4"]
[White "Hertle, Philipp"]
[Black "Witt, Alexander"]
[Result "1-0"]
[WhiteElo "1784"]
[BlackElo "1535"]
[PlyCount "25"]
[EventDate "2018.08.23"]
[EventType "swiss"]
[EventRounds "7"]
[EventCountry "GER"]
[SourceTitle "CBM 186 Extra"]
[Source "ChessBase"]
[SourceDate "2018.08.24"]
[SourceVersion "1"]
[SourceVersionDate "2018.08.24"]
[SourceQuality "1"]

1. e4 e5 2. Nf3 Nc6 3. Bc4 h6 4. d4 exd4 5. Nxd4 Ne5 6. Bb3 Nf6 7. 0-0 Bc5 8. Nc3 c6 9. Nf5 Rg8 10. Bf4 Qc7 11. Na4 Bb6 12. Nxb6 Nxe4 13. Nxa8 1-0